| 000 | 00543nam a2200169 i 4500 | ||
|---|---|---|---|
| 001 | bg | ||
| 100 | 1 | _aGRABOWSKI, Andrzej | |
| 245 | 0 |
_aZastosowanie informatyki w zarządzaniu procesami inwestycyjnymi. [Skrypt dla stud. wyższ. szk. techn.] / _cAndrzej Grabowski. |
|
| 260 |
_aWarszawa : _bPaństw. Wydawn. Nauk., _c1981. |
||
| 300 |
_as. 224 : _brys., tab. |
||
| 504 | _a[Zawiera bibliogr. s. 222-224]. | ||
| 040 | _cBPK | ||
| 041 | _apol | ||
| 080 | _a330.322:681.322(075.8) | ||
| 942 | _cKS | ||
| 008 | s pl f |000 0 pol | ||
| 999 |
_c20235 _d20235 |
||
| 856 |
_uhttp://koha.tu.koszalin.pl/cgi-bin/koha/opac-detail.pl?biblionumber=20235 _yKatalog online BPK |
||